000 00228nam a2200097Ia 4500
008 170619s9999 xx 000 0 und d
100 _aJaiswal S
245 0 _aComputer science and engg. GATE
260 _bGalgotia Pub.
260 _c2001
546 _aENGLISH
999 _c16367
_d16367